-
GUPTA, PRACHI & AGGARWAL, ASHITA AND OTHERS
Entry Corporate Name
Number of records used in: 1
001 - CONTROL NUMBER
003 - CONTROL NUMBER IDENTIFIER
005 - DATE AND TIME OF LATEST TRANSACTION
- control field:
20260311124524.0
008 - FIXED-LENGTH DATA ELEMENTS
- fixed length control field:
260311|| aca||aabn | a|a d
040 ## - CATALOGING SOURCE
- Original cataloging agency:
JRU
- Transcribing agency:
JRU
110 ## - HEADING--CORPORATE NAME
- Corporate name or jurisdiction name as entry element:
GUPTA, PRACHI & AGGARWAL, ASHITA AND OTHERS
670 ## - SOURCE DATA FOUND
- Source citation:
Work cat.: (JRU)9082: GUPTA, PRACHI & AGGARWAL, ASHITA AND OTHERS , MARKETING MANAGEMENT INDIAN CASES, 2018